| 000 | 00703nam a22001937a 4500 | ||
|---|---|---|---|
| 003 | BD-DhUL | ||
| 005 | 20180529101508.0 | ||
| 008 | 180529s1964 ii ||||| |||| 00| 0 ben d | ||
| 040 |
_aBD-DhUL _cBD-DhUL |
||
| 082 |
_a891.443 _bDID |
||
| 100 | 1 | _aসেন, দীনেশচন্দ্র | |
| 245 | 0 | 0 |
_aধরা-দ্রোণ ও কুশধ্বজ / _cদীনেশচন্দ্র সেন |
| 250 | _a১ম জিজ্ঞাসা সং. | ||
| 260 |
_aকলিকাতা : _bজিজ্ঞাসা, _c১৯৬৪। |
||
| 300 |
_a৫৩ পৃ. ; _c১৯ সেমি. |
||
| 650 | 4 | _aবাংলা উপন্যাস | |
| 650 | 4 | _aBengali fiction | |
| 942 |
_2ddc _cBK |
||
| 999 |
_c241686 _d241686 |
||